000 02251nam a2200373 a 4500
001 000003538
003 DO-SdBNP
005 20220831150051.0
007 ta
008 110712s2009 dr ac 000 0 spa d
020 _a9789945461435 (v. 1)
020 _a9789945461443 (v. 2)
020 _a9789945461451 (v. 3)
020 _a978994546146X (v. 4)
040 _aDO-SdBNP
_bspa
_cBNPHU
082 4 _bG633L
_222
100 1 _aGómez, Fiume
_910953
245 1 0 _aLengua española :
_beducación básica /
_cFiume Gómez ; producción editorial María del Jesús de la Rosa ; ilustración Ramón Sandoval.
260 _aSanto Domingo :
_bActualidad Escolar,
_c2009.
300 _a8 v. :
_bil., retrs. ;
_c28 cm.
500 _aLa biblioteca solamente posee los volumenes del 1 al 4.
500 _aCada volumen incluye el libro del maestro.
500 _aLa biblioteca solamente posee los volumenes 1, 3 y 4, volumen 2 y 4 solamente el libro del maestro.
500 _aLa biblioteca posee la edición revisada y actualizada en febrero del 2010 de los volumenes 3 y 4.
505 0 _av. 1 :
_gunidad 1 --
_tA la escuela --
_gunidad 2 --
_tMi familia --
_gunidad 3 --
_tMe relaciono co los demás --
_gunidad 4 --
_tLlegó la navidad --
_gunidad 5 --
_tConozco mi comunidad --
_gunidad 6 --
_tTodos trabajamos por la patria --
_gunidad 7 --
_tMe comunico --
505 0 _av. 2 :
_gunidad 1 --
_tDe regreso a la escuela --
_gunidad 2 --
_tMedio ambiente --
_gunidad 3 --
_tEl gato con botas --
_gunidad 4 --
_tLa lagartija preocupada --
_gunidad 5 --
_tDescubro mi entorno --
_gunidad 6 --
_tConoce tu pasado --
_gunidad 7 --
_tExpreso mis ideas --
_gunidad 8 --
_tLa bobina maravillosa --
505 0 _av. 3 :
_tLectura de entrada --
_tVocabulario --
_tMe expreso de formas diferentes --
_tPara escribir --
_tEstudio mi lengua --
_tMe expreso de formas diferentes --
_tValor --
_tMe divierto --
505 0 _av. 4 :
_tLectura de entrada --
_tVocabulario --
_tMe expreso de formas diferentes --
_tPara escribir --
_tEstudio mi lengua --
_tMe expreso de formas diferentes --
_tValor --
_tMe divierto.
590 _aInventariado, 2022 / DG
700 1 _aRosa, María del Jesús de la,
_eprod. ed.
_910954
700 1 _aSandoval, Ramón,
_eil.
_910955
910 _aDG
942 _2ddc
_cLBS1
999 _c3364
_d3364